Jonathan's General Knowledge #8 - Statistics

General Stats
  • This quiz has been taken 827 times
  • The average score is 7 of 20
Answer Stats
# Hint Answer % Correct
5 What is the chemical formula of Sodium chloride? NaCl
68%
3 Tripe is the culinary name given to which part of a farm animal? Stomach
67%
2 Who wrote and recorded the song You're So Vain in 1972? Carly Simon
58%
8 The character of Napoleon in Animal Farm is based on whom? Joseph Stalin
50%
4 In cricket, what does LBW stand for? Leg before wicket
49%
15 Florence is the capital city of which Italian region? Tuscany
49%
16 Calculate the result of 50% of 7800, divided by a bakers dozen, and then multiplied by 5. 1500
44%
6 Which duo directed The Big Lebowski? Coen Brothers
35%
17 The Crickets were the backing band of which rock and roll star? Buddy Holly
34%
14 The Timbers, Trail Blazers and Winterhawks are sports teams of which city? Portland
31%
13 In computer systems, what does CAD stand for? Computer-aided design
30%
19 Which element is used in light bulb filaments? Tungsten
30%
9 What is the common name given to a biological catalyst? Enzyme
29%
18 The Luncheon on the Grass is a famous painting by which artist? Édouard Manet
23%
1 What is the national anthem of Australia? Advance Australia Fair
22%
7 Which game developer publishes the Pro Evolution Soccer series? Konami
11%
11 Who remains the last American to win a Formula One race? Mario Andretti
10%
20 What is the most eastern capital city that the River Danube passes through? Belgrade
9%
12 Focus, Shocking Blue and George Baker Selection are bands from which country? Netherlands
8%
10 Along with the Falklands, which other British territory did Argentina occupy in 1982? South Georgia and the South Sandwich Islands
7%
No matching quizzes found
Score Distribution
Percent of People with Each Score
Percentile by Number Answered
Your Score History
You have not taken this quiz